El arte de criar e injertar frutales

Gespeichert in:
Bibliographische Detailangaben
Hauptverfasser: Grunberg, Isaac P (VerfasserIn), Sartori, Elvino (VerfasserIn)
Format: Buch
Sprache:Spanisch
Veröffentlicht: Buenos Aires Eudeba 1968
Schriftenreihe:Manuales de eudeba. Agronomía
Schlagworte:
Tags: Tag hinzufügen
Keine Tags, Fügen Sie den ersten Tag hinzu!

MARC

LEADER 00000nam a2200000 a 4500
001 UCR3677
003 CL-VaPUC
008 980130e19680000AG |||||||||||||||||spa|d
082 0 4 |a 631.52  |b GRU  |2 21 
100 0 |a Grunberg, Isaac P  |e author  |9 402801 
700 0 |a Sartori, Elvino  |e author  |9 402802 
245 1 3 |a El arte de criar e injertar frutales 
300 |a 205 p 
942 |c BK 
945 |d 19980130 00:00:00  |a jquezada 
260 |a Buenos Aires  |b Eudeba  |c 1968 
650 0 |a Propagación de plantas  |9 339631 
650 0 |a Injerto  |9 402803 
650 0 |a Frutales  |9 264870 
650 0 |a Manzano   |9 264722 
650 7 |a PERAS  |2 CL-VaPUC  |9 264840 
650 7 |a MEMBRILLO  |2 CL-VaPUC  |9 402804 
650 0 |a Duraznos (albaricoques, damascos, chabacanos)  |9 402805 
650 7 |a CIRUELO  |2 CL-VaPUC  |9 264267 
650 7 |a DAMASCO  |2 CL-VaPUC  |9 326359 
650 7 |a CEREZO  |2 CL-VaPUC  |9 264837 
650 0 |a Almendro  |9 264675 
650 0 |a Níspero   |9 264270 
650 0 |a Olivo  |9 264818 
650 0 |a Vid  |9 264784 
650 7 |a GROSELLAS  |2 CL-VaPUC  |9 402806 
650 7 |a FRAMBUESA  |2 CL-VaPUC  |9 259691 
650 0 |a Cítricos  |9 393380 
650 7 |a HIGUERA  |2 CL-VaPUC  |9 259699 
650 0 |a Nogal (Juglans regia)  |9 264620 
650 7 |a AVELLANO  |2 CL-VaPUC  |9 402807 
650 7 |a CASTAÑA  |2 CL-VaPUC  |9 259700 
650 7 |a KAKI  |2 CL-VaPUC  |9 259697 
650 7 |a BANANO  |2 CL-VaPUC  |9 263084 
650 0 |a Palto (Persea Americana Mill)  |9 264436 
650 7 |a CHIRIMOYA  |2 CL-VaPUC  |9 264264 
650 7 |a GUAYABA  |2 CL-VaPUC  |9 402808 
650 7 |a MANGO  |2 CL-VaPUC  |9 264438 
650 7 |a PAPAYA  |2 CL-VaPUC  |9 264439 
650 7 |a CARICA PUBECENS  |2 CL-VaPUC  |9 264440 
583 |a last modification  |c 19980130 00:00:00  |k Rodrigo Vera 
490 0 |a Manuales de eudeba. Agronomía 
999 |c 266726  |d 266724